1555 1320 1232 1154 1529 1770 1544 1020 1634 1953 1137 1565 1343 1856 1602 1293 1840 1035 1716 1035 1379 1787 1755 1294 1453 1299 1815 1423 1841 1956 1924 1600 1862 1836 1825 1822 1676 1127 1414 1818 1667 1457 1981 1639 1159 1264 1843 1846 1499 1280 1552 1527 1709 1659 1075 1991 1594 1224 1328 1395 1457 1571 1523 1003 1098 1345 1385 1879 1527 1217 1013 1344 1656 1181 1431 1472 1235 1187 1460 1781 1474 1208 2000 1954 1623 1127 1379 1244 1039 1019 1001 1359 1535 1996 1738 1552 1903 1071 1847 BCNSPRNW ULIB Ver.6.0+V

เปลี่ยนเป็นภาษาไทย

Change to English
 แสดงรายละเอียดบรรณานุกรม
  กลับหน้าหลัก

Brief Record : Get Marc (ISO 2709) : E-mail record : QR code < ปิดหน้าต่าง
LEADER : 00000nam 2200000uu 4500
001    13399125917
003     ULIB
008    170928s2555||||th 000 0 tha d
020    ^a9786167481241
090    ^aนว.^bว111น
100    ^aว.วินิจฉัยกุล
245    ^aน้ำใสใจจริง /^cว.วินิจฉัยกุล
260    ^aกรุงเทพฯ :^bทรีบีส์,^c2555
300    ^a461 หน้า
945    ^p0^l0^i003364
999    ^aประนอม เกษจรัล
รายการนี้ยังไม่มีแท็ก
คุณยังไม่ได้ล็อกอิน คุณสามารถมีกิจกรรมร่วมกับเว็บไซต์ได้ แต่ต้องล็อกอินก่อน ::
  ล็อกอิน

รายการสื่อสารสนเทศ

ลำดับที่ ประเภท เลขเรียก/บาร์โค้ด สถานที่ สถานะ
1. วิทยาศาสตร์การแพทย์ และสุขภาพ
วิทยาศาสตร์การแพทย์ และสุขภาพ
นว. ว111น ฉ.1 
  Barcode: 003364
ห้องสมุดวิทยาเขตนครสวรรค์
►นวนิยาย:l:Fiction
บนชั้น

รายการใกล้เคียง
    ผู้แต่ง [ว.วินิจฉัยกุล]

BibComment


ยังไม่เคยถูกคอมเมนท์

คอมเมนท์ทรัพยากรรายการนี้
  คอมเมนท์: น้ำใสใจจริง ววิ..


 Copyright 2026. Bcnsprnw @Library